The Loud House - Quiz with Map - Statistics

General Stats
  • This quiz has been taken 699 times
  • The average score is 10 of 11
Answers on the Map
Answers color-coded by a green-red scale on the quiz's map according to % correct below.
 
Answer Stats
Loud children % Correct
Lincoln
95%
Lori
95%
Luna
93%
Lucy
92%
Leni
91%
Lily
91%
Lola
91%
Lisa
90%
Lana
89%
Luan
88%
Lynn
88%
No matching quizzes found
Score Distribution
Percent of People with Each Score
Percentile by Number Answered
Your Score History
You have not taken this quiz